Vita. Kisebbség és társnemzet
Elmentve itt :
| Szerző: | |
|---|---|
| Adatforrás: | Meister |
| Forrásdokumentuma: | A Hét. - 27 sz., 1991, 9 p. |
| Nyelv: | magyar |
| Kulcsszavak: | politikai publicisztika politikai intézmények kisebbségvédelem kisebbségi kérdés magyarok (romániai) RMDSZ-Romániai Magyar Demokrata Szövetség |
| LEADER | 00536nab a2200181 i 4500 | ||
|---|---|---|---|
| 001 | bibPRO00006346 | ||
| 008 | 060524s1991 xx hun | ||
| 040 | |a Sz1 | ||
| 041 | |a hun | ||
| 100 | 1 | |a BALOGH Edgár | |
| 245 | 1 | 0 | |a Vita. Kisebbség és társnemzet |c BALOGH Edgár |
| 695 | |a politikai publicisztika | ||
| 695 | |a politikai intézmények | ||
| 695 | |a kisebbségvédelem | ||
| 695 | |a kisebbségi kérdés | ||
| 695 | |a magyarok (romániai) | ||
| 695 | |a RMDSZ-Romániai Magyar Demokrata Szövetség | ||
| 773 | 0 | |t A Hét. - |g 27 sz., 1991, 9 p. | |